000
00328 a2200145 4500
001
45679
020
_a
9788589962032
040
_c
Anchieta - Aquarius
240
1
0
_a
Ciência hoje na escola
_l
por
245
1
0
_a
Ciência hoje na escola
300
_a
362
0
_a
0
650
4
_a
Ciências naturais e matemática
942
_c
BK
999
_c
45679
_d
45679